[Event "Goiania Regional Centro Oeste"]
[Site "Goiania"]
[Date "2019.12.01"]
[Round "6"]
[White "Valente, Fernando Cesar"]
[Black "Da Silva, Alexandre Gomes"]
[Result "1-0"]
[WhiteElo "1480"]
[BlackElo "1314"]
[PlyCount "27"]
[EventDate "2019.11.29"]
[EventType "swiss"]
[EventRounds "6"]
[EventCountry "BRA"]
[SourceTitle "EXT 2021"]
[Source "ChessBase"]
[SourceDate "2020.10.23"]
[SourceVersion "1"]
[SourceVersionDate "2020.10.23"]
[SourceQuality "1"]

1. e4 e6 2. Nf3 d5 3. Nc3 d4 4. Ne2 c5 5. c3 Nc6 6. cxd4 cxd4 7. Qa4 Bc5 8. b4 Bxb4 9. Nexd4 Bd6 10. Nxc6 bxc6 11. Qxc6+ Bd7 12. Qxd6 Ne7 13. Ne5 0-0 14. Qxd7 1-0

[Event "Goiania Franca Memorial"]
[Site "Goiania"]
[Date "2019.10.20"]
[Round "4"]
[White "Valente, Fernando Cesar"]
[Black "Santos, Abel Cardoso Dos"]
[Result "0-1"]
[WhiteElo "1485"]
[BlackElo "1774"]
[PlyCount "34"]
[EventDate "2019.10.18"]
[EventType "swiss"]
[EventRounds "5"]
[EventCountry "BRA"]
[SourceTitle "CBM 193 Extra"]
[Source "ChessBase"]
[SourceDate "2020.01.31"]
[SourceVersion "1"]
[SourceVersionDate "2020.01.31"]
[SourceQuality "1"]

1. e4 e5 2. Nf3 Nc6 3. Nc3 Nf6 4. d4 exd4 5. Nxd4 Bb4 6. Nxc6 bxc6 7. Bd3 d5 8. exd5 cxd5 9. 0-0 0-0 10. Bg5 c6 11. Qf3 Be7 12. h3 Rb8 13. b3 Qa5 14. Bf4 Ra8 15. Rfe1 Bb4 16. Bd2 d4 17. Qxc6 Bd7 0-1

[Event "Goiania Xeque Mate U2200 op 6th"]
[Site "Goiania"]
[Date "2019.06.30"]
[Round "5"]
[White "De Souza Sa, Apolo"]
[Black "Valente, Fernando Cesar"]
[Result "1-0"]
[WhiteElo "2016"]
[BlackElo "1513"]
[PlyCount "57"]
[EventDate "2019.06.29"]
[EventType "swiss"]
[EventRounds "5"]
[EventCountry "BRA"]
[SourceTitle "CBM 192 Extra"]
[Source "Chessbase"]
[SourceDate "2019.11.06"]
[SourceVersion "1"]
[SourceVersionDate "2019.11.06"]
[SourceQuality "1"]

1. f4 Nf6 2. Nf3 g6 3. g3 Bg7 4. Bg2 0-0 5. 0-0 d6 6. d3 Nc6 7. e4 e5 8. Nc3 Re8 9. Nh4 exf4 10. Bxf4 Nd4 11. Qd2 Ne6 12. Bh6 c6 13. Bxg7 Kxg7 14. d4 Qb6 15. Rad1 Re7 16. Na4 Qc7 17. d5 cxd5 18. exd5 Nc5 19. Qc3 Nce4 20. Qd4 Re5 21. Bxe4 Nxe4 22. Nf3 Nxg3 23. hxg3 b5 24. Nc3 Ba6 25. Nxe5 dxe5 26. d6 exd4 27. dxc7 dxc3 28. Rd8 Bc8 29. bxc3 1-0

[Event "Goiania Xeque Mate U2200 op 4th"]
[Site "Goiania"]
[Date "2019.03.09"]
[Round "1"]
[White "Valente, Fernando Cesar"]
[Black "De Souza Sa, Apolo"]
[Result "0-1"]
[WhiteElo "1517"]
[BlackElo "2023"]
[PlyCount "44"]
[EventDate "2019.03.09"]
[EventType "swiss"]
[EventRounds "5"]
[EventCountry "BRA"]
[SourceTitle "CBM 190 Extra"]
[Source "ChessBase"]
[SourceDate "2019.07.15"]
[SourceVersion "1"]
[SourceVersionDate "2019.07.15"]
[SourceQuality "1"]

1. e4 c5 2. c3 Nf6 3. e5 Nd5 4. g3 Nc6 5. Bg2 e6 6. Nf3 Qc7 7. d4 cxd4 8. cxd4 Ncb4 9. Na3 b6 10. 0-0 Ba6 11. Re1 Nd3 12. Re4 Rc8 13. Bf1 N5b4 14. Bd2 Nxb2 15. Qb3 Bxf1 16. Kxf1 N4d3 17. Re3 Bxa3 18. Qxa3 Qc4 19. Kg2 a5 20. Qd6 Qc6 21. Qa3 Qc2 22. Qd6 Nc4 0-1

[Event "Goiania Regional-ch U2000"]
[Site "Goiania"]
[Date "2018.12.08"]
[Round "7"]
[White "De Moura, Valderi Nascimento"]
[Black "Valente, Fernando Cesar"]
[Result "1-0"]
[WhiteElo "1724"]
[BlackElo "1513"]
[PlyCount "95"]
[EventDate "2018.12.01"]
[EventType "tourn"]
[EventRounds "9"]
[EventCountry "BRA"]
[SourceTitle "CBM 190 Extra"]
[Source "ChessBase"]
[SourceDate "2019.07.15"]
[SourceVersion "1"]
[SourceVersionDate "2019.07.15"]
[SourceQuality "1"]

1. e4 c5 2. c3 d5 3. exd5 Qxd5 4. Nf3 Nc6 5. Bb5 Bg4 6. d4 cxd4 7. Qxd4 Bxf3 8. Bxc6+ Qxc6 9. gxf3 Qxf3 10. Qa4+ Qc6 11. Qxc6+ bxc6 12. Be3 Nf6 13. Nd2 e6 14. Rg1 Nd5 15. Bd4 f6 16. 0-0-0 Nf4 17. Rg4 Ne2+ 18. Kc2 Nxd4+ 19. cxd4 Rd8 20. Re1 Kf7 21. Rge4 Re8 22. Nc4 h5 23. R1e3 g5 24. Rb3 Kg6 25. h4 g4 26. Rbe3 Kf7 27. Re1 Rg8 28. Ne3 Bd6 29. Ng2 e5 30. dxe5 Rxe5 31. Kd3 Rd8 32. Rd4 Rxe1 33. Nxe1 c5 34. Rd5 Be7 35. Rxd8 Bxd8 36. Kc4 Ke6 37. Nd3 Bb6 38. Nf4+ Kf5 39. Nxh5 Kg6 40. Nf4+ Kh6 41. Nd3 f5 42. Nf4 Ba5 43. Kxc5 Bb6+ 44. Kd5 Bxf2 45. Ke5 Bg3 46. Kxf5 Bxf4 47. Kxf4 Kh5 48. Kg3 1-0

[Event "Goiania Regional-ch U2000"]
[Site "Goiania"]
[Date "2018.12.07"]
[Round "5"]
[White "Santos, Luciano da Silva"]
[Black "Valente, Fernando Cesar"]
[Result "1-0"]
[WhiteElo "1874"]
[BlackElo "1513"]
[PlyCount "69"]
[EventDate "2018.12.01"]
[EventType "tourn"]
[EventRounds "9"]
[EventCountry "BRA"]
[SourceTitle "CBM 190 Extra"]
[Source "ChessBase"]
[SourceDate "2019.07.15"]
[SourceVersion "1"]
[SourceVersionDate "2019.07.15"]
[SourceQuality "1"]

1. e4 d6 2. Nf3 Nf6 3. d3 e5 4. g3 Be7 5. Bg2 0-0 6. 0-0 Nc6 7. c3 Bd7 8. Na3 Qc8 9. Nc4 Bh3 10. Ne3 Bxg2 11. Kxg2 g6 12. Ng1 Nh5 13. Nd5 f5 14. b4 b5 15. a4 Nf6 16. Qb3 Kg7 17. axb5 Nxd5 18. Qxd5 Nd8 19. f4 Nf7 20. Nf3 Bf6 21. fxe5 Nxe5 22. Nd4 Re8 23. exf5 Ng4 24. Ne6+ Kh8 25. h3 Bxc3 26. Ra3 Nf6 27. Qc4 Qb7+ 28. Kh2 Be5 29. Qxc7 Re7 30. Qxb7 Rxb7 31. d4 Bxg3+ 32. Rxg3 Ne4 33. Re3 gxf5 34. Rxf5 Rc8 35. Rxe4 1-0

[Event "Goiania Goias op"]
[Site "Goiania"]
[Date "2018.10.20"]
[Round "4"]
[White "Franca, Jairo Jr"]
[Black "Valente, Fernando Cesar"]
[Result "1-0"]
[WhiteElo "1884"]
[BlackElo "1516"]
[PlyCount "65"]
[EventDate "2018.10.19"]
[EventType "swiss"]
[EventRounds "6"]
[EventCountry "BRA"]
[SourceTitle "CBM 187 Extra"]
[Source "ChessBase"]
[SourceDate "2018.11.04"]
[SourceVersion "1"]
[SourceVersionDate "2018.11.04"]
[SourceQuality "1"]

1. e4 e5 2. Nf3 Nf6 3. d4 Nxe4 4. Bd3 d5 5. Nxe5 Be6 6. 0-0 Nd7 7. f4 Nxe5 8. fxe5 Qd7 9. c4 c5 10. Bxe4 dxe4 11. d5 Bf5 12. Nc3 g6 13. Qe2 0-0-0 14. Nxe4 Bxe4 15. Qxe4 Bg7 16. Bg5 Rde8 17. Bf6 Bxf6 18. Rxf6 Qe7 19. Raf1 Qxe5 20. Qxe5 Rxe5 21. Rxf7 Re2 22. R7f2 Rxf2 23. Kxf2 Rf8+ 24. Ke2 Rxf1 25. Kxf1 Kc7 26. Ke2 Kd6 27. Ke3 b5 28. b3 Ke5 29. h4 h6 30. a3 a6 31. g4 g5 32. h5 Kd6 33. Ke4 1-0

[Event "Trindade op"]
[Site "Trindade"]
[Date "2018.09.02"]
[Round "5"]
[White "Valente, Fernando Cesar"]
[Black "Santos, Luciano da Silva"]
[Result "0-1"]
[WhiteElo "1489"]
[BlackElo "1915"]
[PlyCount "50"]
[EventDate "2018.08.31"]
[EventType "swiss"]
[EventRounds "6"]
[EventCountry "BRA"]
[SourceTitle "CBM 187 Extra"]
[Source "ChessBase"]
[SourceDate "2018.11.04"]
[SourceVersion "1"]
[SourceVersionDate "2018.11.04"]
[SourceQuality "1"]

1. e4 c5 2. Nf3 g6 3. c3 Bg7 4. d4 cxd4 5. cxd4 d5 6. e5 e6 7. Nc3 a6 8. a4 Nc6 9. Be2 Nge7 10. Bg5 Qb6 11. Bxe7 Nxe7 12. Qd2 Nc6 13. 0-0 0-0 14. Rfc1 f6 15. exf6 Bxf6 16. Rd1 Na5 17. Rab1 Nb3 18. Qc2 Nxd4 19. Nxd4 Bxd4 20. Bf3 Bg7 21. b4 Qc7 22. Rdc1 Bd7 23. Qb3 Qe5 24. Rb2 Qg5 25. Ne2 Bxb2 0-1

[Event "Trindade op"]
[Site "Trindade"]
[Date "2018.09.01"]
[Round "4"]
[White "Franca, Jairo"]
[Black "Valente, Fernando Cesar"]
[Result "0-1"]
[WhiteElo "1600"]
[BlackElo "1489"]
[PlyCount "124"]
[EventDate "2018.08.31"]
[EventType "swiss"]
[EventRounds "6"]
[EventCountry "BRA"]
[SourceTitle "CBM 187 Extra"]
[Source "ChessBase"]
[SourceDate "2018.11.04"]
[SourceVersion "1"]
[SourceVersionDate "2018.11.04"]
[SourceQuality "1"]

1. Nf3 Nf6 2. b3 g6 3. Bb2 Bg7 4. c4 0-0 5. e3 d6 6. h3 e5 7. d3 Nbd7 8. Be2 Re8 9. e4 a5 10. a4 Nc5 11. Nbd2 Bd7 12. 0-0 h6 13. Rb1 Nh5 14. Nh2 Nf4 15. Ndf3 Nxb3 16. Qxb3 Nxe2+ 17. Kh1 b6 18. Rfe1 Nf4 19. Bc1 Ne6 20. Qd1 Rb8 21. Be3 Nc5 22. Bxc5 bxc5 23. Qc2 Rb4 24. Rxb4 cxb4 25. Qb3 Qb8 26. Ng4 Bxg4 27. hxg4 Qc8 28. Nh2 Bf8 29. Re3 Be7 30. Rh3 Kg7 31. f3 Bg5 32. Nf1 Qb8 33. Kg1 Qb6+ 34. Kh1 Qd4 35. Ng3 Qc3 36. Qxc3 bxc3 37. Ne2 c2 38. f4 Bxf4 39. Rf3 c1Q+ 40. Nxc1 Bxc1 41. Kg1 Bb2 42. Kf1 Bd4 43. Ke2 Rb8 44. Rf1 Rb4 45. Rc1 Rxa4 46. Rb1 Rb4 47. Rxb4 axb4 48. Kd2 Kf6 49. Kc2 Bc3 50. Kb3 Kg5 51. Ka4 Kxg4 52. Kb5 b3 53. c5 dxc5 54. Kc4 b2 55. Kxc3 b1Q 56. Kc4 Qb4+ 57. Kd5 Qd4+ 58. Kc6 Qd6+ 59. Kb7 Qxd3 60. Kxc7 Qxe4 61. Kb6 c4 62. Kc5 c3 0-1

[Event "Goiania Xeque Mate U2200 2nd"]
[Site "Goiania"]
[Date "2018.07.28"]
[Round "3.10"]
[White "Valente, Fernando Cesar"]
[Black "De Oliveira, Caio Guilherme Viei"]
[Result "0-1"]
[WhiteElo "1524"]
[BlackElo "1384"]
[PlyCount "59"]
[EventDate "2018.07.28"]
[EventType "swiss"]
[EventRounds "5"]
[EventCountry "BRA"]
[SourceTitle "EXT 2022"]
[Source "ChessBase"]
[SourceDate "2021.10.06"]
[SourceVersion "1"]
[SourceVersionDate "2021.10.06"]
[SourceQuality "1"]

1. e4 c6 2. Nf3 d5 3. Nc3 Bg4 4. h3 Bxf3 5. Qxf3 e6 6. exd5 cxd5 7. d4 g6 8. Bf4 Nc6 9. 0-0-0 Bg7 10. Bb5 Nge7 11. Rhe1 0-0 12. Ne2 Qa5 13. Qb3 Nf5 14. c3 a6 15. Bd3 Rfc8 16. Bxf5 exf5 17. Bd2 Bxd4 18. Kb1 Bxf2 19. Rf1 Bh4 20. c4 dxc4 21. Qxc4 Qb5 22. Qxb5 axb5 23. Nc3 b4 24. Nd5 Re8 25. Nxb4 Nxb4 26. Bxb4 Re2 27. Bc3 b5 28. a3 h6 29. Rd7 Rf2 30. Re1 0-1

[Event "Concordia op 4th"]
[Site "Concordia"]
[Date "2018.06.29"]
[Round "1"]
[White "Valente, Fernando Cesar"]
[Black "Barbosa, Evandro Amorim"]
[Result "0-1"]
[WhiteElo "1521"]
[BlackElo "2513"]
[PlyCount "50"]
[EventDate "2018.06.29"]
[EventType "swiss"]
[EventRounds "6"]
[EventCountry "BRA"]
[SourceTitle "EXT 2019"]
[Source "ChessBase"]
[SourceDate "2018.10.10"]
[SourceVersion "1"]
[SourceVersionDate "2018.10.10"]
[SourceQuality "1"]

1. e4 c5 2. Nf3 e6 3. c3 d5 4. exd5 Qxd5 5. d4 Nf6 6. Be2 Nc6 7. 0-0 cxd4 8. cxd4 Be7 9. Nc3 Qd6 10. h3 0-0 11. Be3 b6 12. Rc1 Bb7 13. Qd2 Rfd8 14. Rfd1 Rac8 15. a3 Nd5 16. Bg5 Bxg5 17. Nxg5 Nxc3 18. bxc3 h6 19. Nf3 Qxa3 20. Qf4 Qd6 21. Qg4 Na5 22. Ne5 Nb3 23. Rc2 Nxd4 24. Rcd2 Qxe5 25. cxd4 Qg5 0-1

[Event "Goiania FEXEG Cup"]
[Site "Goiania"]
[Date "2018.05.19"]
[Round "3"]
[White "Valente, Fernando Cesar"]
[Black "Mourao, Igor AC Lofredo"]
[Result "1/2-1/2"]
[WhiteElo "1518"]
[BlackElo "2088"]
[PlyCount "51"]
[EventDate "2018.05.18"]
[EventType "swiss"]
[EventRounds "6"]
[EventCountry "BRA"]
[SourceTitle "CBM 184 Extra"]
[Source "ChessBase"]
[SourceDate "2018.06.28"]
[SourceVersion "1"]
[SourceVersionDate "2018.06.28"]
[SourceQuality "1"]

1. e4 c5 2. Nf3 Nc6 3. d4 cxd4 4. Nxd4 Nf6 5. Nc3 d6 6. Be3 Ng4 7. Bb5 Nxe3 8. fxe3 Bd7 9. 0-0 e6 10. Bxc6 bxc6 11. Qf3 Qe7 12. e5 dxe5 13. Nxc6 Qf6 14. Nxe5 Qxf3 15. Rxf3 f6 16. Nxd7 Kxd7 17. Rd1+ Kc6 18. Rd3 Be7 19. Rf1 Rhd8 20. Rfd1 Rxd3 21. Rxd3 f5 22. Kf1 g5 23. Ne2 e5 24. Rc3+ Kd7 25. Rb3 Kc6 26. Rc3+ 1/2-1/2

[Event "Brasilia Terraviva op"]
[Site "Brasilia"]
[Date "2018.01.11"]
[Round "1"]
[White "Garcia, Eugenio Vargas"]
[Black "Valente, Fernando Cesar"]
[Result "1-0"]
[WhiteElo "1986"]
[BlackElo "1524"]
[PlyCount "53"]
[EventDate "2018.01.11"]
[EventType "swiss"]
[EventRounds "7"]
[EventCountry "BRA"]
[SourceTitle "CBM 182 Extra"]
[Source "ChessBase"]
[SourceDate "2018.02.23"]
[SourceVersion "1"]
[SourceVersionDate "2018.02.23"]
[SourceQuality "1"]

1. d4 d6 2. Nf3 Nd7 3. g3 e5 4. Bg2 Ngf6 5. c4 Be7 6. Nc3 0-0 7. 0-0 Re8 8. e4 b6 9. b3 Bb7 10. d5 Nc5 11. Nh4 g6 12. f4 Nh5 13. Nf5 Bf8 14. fxe5 dxe5 15. b4 Nd7 16. Bh3 Nhf6 17. Nh6+ Kg7 18. Bg5 Be7 19. Qf3 Bc8 20. a3 Rf8 21. Rad1 Qe8 22. Nb5 Bd8 23. d6 c6 24. Nc7 Bxc7 25. dxc7 Ng8 26. Nxg8 Kxg8 27. Bh6 1-0

[Event "Goiania-ch U2200"]
[Site "Goiania"]
[Date "2017.11.26"]
[Round "4.2"]
[White "Valente, Fernando Cesar"]
[Black "Arruda Filho, Ivo Pereira de"]
[Result "1-0"]
[WhiteElo "1463"]
[BlackElo "1725"]
[PlyCount "97"]
[EventDate "2017.11.25"]
[EventType "tourn"]
[EventRounds "9"]
[EventCountry "BRA"]
[SourceTitle "EXT 2022"]
[Source "ChessBase"]
[SourceDate "2021.10.06"]
[SourceVersion "1"]
[SourceVersionDate "2021.10.06"]
[SourceQuality "1"]

1. e4 c6 2. d4 d5 3. e5 Bf5 4. h4 h5 5. Bg5 Qb6 6. Bd3 Qxb2 7. Bxf5 Qxa1 8. e6 Nf6 9. Nf3 Ne4 10. exf7+ Kd8 11. 0-0 Nd7 12. Bf4 Nc3 13. Nxc3 Qxc3 14. Bxd7 Kxd7 15. Ne5+ Kc8 16. Ng6 e5 17. Bxe5 c5 18. Nxh8 cxd4 19. Qxd4 Qxd4 20. Bxd4 Kd7 21. Ng6 Ke6 22. Nxf8+ Rxf8 23. Re1+ Kxf7 24. Re5 g6 25. Rxd5 Ke6 26. Re5+ Kf7 27. f4 Rc8 28. c3 Rc4 29. Rc5 Ra4 30. Rc7+ Ke6 31. Rxb7 Rxa2 32. Rxa7 Rc2 33. Ra5 Rd2 34. Re5+ Kf7 35. Kf1 Rc2 36. Re2 Rc1+ 37. Kf2 Rb1 38. Be5 Ke6 39. Bd4+ Kf5 40. Kf3 Rf1+ 41. Rf2 Re1 42. Be5 Rd1 43. Bd4 Re1 44. Re2 Rf1+ 45. Bf2 Rc1 46. Bd4 Rf1+ 47. Kg3 Rd1 48. Re5+ Kf6 49. Re1+ 1-0

[Event "Goiania FEXEG Cup"]
[Site "Goiania"]
[Date "2017.10.27"]
[Round "2"]
[White "Bocca, Edson Ricardo"]
[Black "Valente, Fernando Cesar"]
[Result "1/2-1/2"]
[WhiteElo "1645"]
[BlackElo "1459"]
[PlyCount "106"]
[EventDate "2017.10.27"]
[EventType "swiss"]
[EventRounds "6"]
[EventCountry "BRA"]
[SourceTitle "CBM 181 Extra"]
[Source "ChessBase"]
[SourceDate "2017.12.12"]
[SourceVersion "1"]
[SourceVersionDate "2017.12.12"]
[SourceQuality "1"]

1. e4 d6 2. Nf3 e5 3. Bc4 Be7 4. d3 Nf6 5. Nc3 0-0 6. Bg5 c6 7. h3 b5 8. Bb3 h6 9. Bd2 Nbd7 10. a4 b4 11. Ne2 a5 12. Ng3 Nc5 13. Nh2 Nxb3 14. cxb3 Be6 15. Ng4 Kh7 16. Nxf6+ Bxf6 17. 0-0 Bg5 18. Bxg5 Qxg5 19. Kh1 g6 20. Qc2 c5 21. Ne2 Qh5 22. Kh2 Bxb3 23. Qxb3 Qxe2 24. Rae1 Qh5 25. Qd5 Rad8 26. b3 Qg5 27. g3 Qe7 28. f4 Qe6 29. Qc4 Qxc4 30. dxc4 f6 31. Rd1 Kg7 32. Rd5 Rf7 33. Rfd1 Rfd7 34. Kg2 Kf7 35. Kf3 Ke7 36. h4 Rg8 37. g4 g5 38. f5 Rg7 39. hxg5 hxg5 40. Rh1 Kf7 41. Rh8 Rg8 42. Rh5 Rg7 43. Rd1 Rd8 44. Rdh1 Rdg8 45. Rh8 Rxh8 46. Rxh8 Rg8 47. Rh7+ Rg7 48. Rh1 Rg8 49. Rd1 Ke7 50. Rh1 Kf7 51. Rh6 Rg7 52. Rh8 Rg8 53. Rh7+ Rg7 1/2-1/2

[Event "Goiania zt"]
[Site "Goiania"]
[Date "2017.08.20"]
[Round "6"]
[White "De Oliveira, Caio Guilherme Viei"]
[Black "Valente, Fernando Cesar"]
[Result "1/2-1/2"]
[WhiteElo "1418"]
[BlackElo "1474"]
[PlyCount "85"]
[EventDate "2017.08.18"]
[EventType "swiss"]
[EventRounds "6"]
[EventCountry "BRA"]
[SourceTitle "CBM 180 Extra"]
[Source "ChessBase"]
[SourceDate "2017.10.06"]
[SourceVersion "1"]
[SourceVersionDate "2017.10.06"]
[SourceQuality "1"]

1. d4 d6 2. Nf3 Nd7 3. e3 Ngf6 4. Bd3 e5 5. 0-0 e4 6. Bc4 exf3 7. Qxf3 Be7 8. Nc3 0-0 9. e4 c6 10. Bd3 Qc7 11. Qg3 Kh8 12. Re1 b5 13. Bg5 Re8 14. Qh4 Nf8 15. Re3 Ng6 16. Qg3 Nh5 17. Qf3 Bxg5 18. Qxh5 Bxe3 19. fxe3 Qd7 20. h3 a5 21. e5 dxe5 22. Ne4 f6 23. Ng5 fxg5 24. Bxg6 h6 25. Bxe8 Qd6 26. dxe5 Qxe5 27. Bxc6 Qxe3+ 28. Kh1 Rb8 29. Qe8+ Qxe8 30. Bxe8 Bxh3 31. gxh3 Rxe8 32. Rd1 Re2 33. Rd5 Rxc2 34. Rxb5 a4 35. a3 Kh7 36. b3 axb3 37. Rxb3 Ra2 38. Kg1 Kg6 39. Kf1 Kf5 40. Ke1 g4 41. Rb5+ Kf4 42. Rb4+ Ke3 43. Rb3+ 1/2-1/2

[Event "Goiania zt"]
[Site "Goiania"]
[Date "2017.08.19"]
[Round "4"]
[White "De Miranda, Daniele Correa"]
[Black "Valente, Fernando Cesar"]
[Result "0-1"]
[WhiteElo "1187"]
[BlackElo "1474"]
[PlyCount "98"]
[EventDate "2017.08.18"]
[EventType "swiss"]
[EventRounds "6"]
[EventCountry "BRA"]
[SourceTitle "CBM 180 Extra"]
[Source "ChessBase"]
[SourceDate "2017.10.06"]
[SourceVersion "1"]
[SourceVersionDate "2017.10.06"]
[SourceQuality "1"]

1. d4 Nf6 2. c4 e5 3. Nf3 exd4 4. Nxd4 c6 5. Nc3 Be7 6. Bf4 0-0 7. a3 d5 8. e3 Re8 9. Bd3 Bd6 10. 0-0 Bxf4 11. Nde2 Be5 12. Rb1 Bxc3 13. Nxc3 Be6 14. Re1 dxc4 15. Be2 Qxd1 16. Rbxd1 Nbd7 17. Rd4 Nb6 18. Rb1 Rad8 19. Rbd1 Rxd4 20. Rxd4 h6 21. Nb1 Bd5 22. Nd2 Kf8 23. b3 c3 24. Nf1 c2 25. Rd2 c1Q 26. Ra2 Bxb3 27. Rd2 Qxd2 28. Nxd2 Bd5 29. f3 Rxe3 30. Kf2 Rxa3 31. g4 Ra2 32. Nf1 Bc4 33. Ng3 Bxe2 34. Nxe2 Nbd5 35. h3 Nc3 36. f4 Rxe2+ 37. Kf3 Nfd5 38. f5 Re3+ 39. Kf2 a5 40. h4 a4 41. g5 hxg5 42. hxg5 a3 43. g6 f6 44. Kg2 a2 45. Kf2 a1Q 46. Kg2 Qa2+ 47. Kf1 Qe2+ 48. Kg1 Rg3+ 49. Kh1 Qg2# 0-1

[Event "Goiania zt"]
[Site "Goiania"]
[Date "2017.08.19"]
[Round "3"]
[White "Valente, Fernando Cesar"]
[Black "De Souza Sa, Apolo"]
[Result "0-1"]
[WhiteElo "1474"]
[BlackElo "1798"]
[PlyCount "26"]
[EventDate "2017.08.18"]
[EventType "swiss"]
[EventRounds "6"]
[EventCountry "BRA"]
[SourceTitle "CBM 180 Extra"]
[Source "ChessBase"]
[SourceDate "2017.10.06"]
[SourceVersion "1"]
[SourceVersionDate "2017.10.06"]
[SourceQuality "1"]

1. e4 c5 2. c3 Nf6 3. e5 Nd5 4. d4 cxd4 5. cxd4 e6 6. a3 Nc6 7. Nf3 d6 8. Bd3 Qc7 9. exd6 Bxd6 10. 0-0 0-0 11. Bxh7+ Kxh7 12. Ng5+ Kg8 13. Qh5 Nf6 0-1

[Event "Caldas Novas op 1st"]
[Site "Caldas Novas"]
[Date "2017.03.11"]
[Round "3"]
[White "De Andrade, Francisco Edmundo"]
[Black "Valente, Fernando Cesar"]
[Result "1-0"]
[WhiteElo "1908"]
[BlackElo "1480"]
[PlyCount "91"]
[EventDate "2017.03.10"]
[EventType "swiss"]
[EventRounds "6"]
[EventCountry "BRA"]
[SourceTitle "CBM 177 Extra"]
[Source "ChessBase"]
[SourceDate "2017.04.27"]
[SourceVersion "1"]
[SourceVersionDate "2017.04.27"]
[SourceQuality "1"]

1. e4 d6 2. d4 Nf6 3. Nc3 e5 4. dxe5 dxe5 5. Qxd8+ Kxd8 6. Bg5 Be6 7. Nd5 Nbd7 8. 0-0-0 Kc8 9. f3 c6 10. c4 cxd5 11. cxd5 Bxd5 12. exd5 Bd6 13. Bd3 Nb6 14. Be4 Kc7 15. Ne2 Rac8 16. Bf5 Rcd8 17. Nc3 a6 18. Rd3 h6 19. Bxf6 gxf6 20. Rhd1 Rhg8 21. g4 Nd7 22. Ne4 Nb6 23. h4 Kb8 24. Nxf6 Rg7 25. Ne4 Be7 26. h5 Bd6 27. b3 Ka7 28. Kb2 Kb8 29. a4 a5 30. Nc3 Nd7 31. Nb5 Nb6 32. Rc1 f6 33. Be6 Re7 34. Rcd1 Rg7 35. Kc2 Re7 36. Kd2 Rg7 37. Ke3 Bc5+ 38. Ke4 Bd6 39. Nxd6 Rxd6 40. Kf5 Rg5+ 41. Kxf6 e4 42. fxe4 Rd8 43. d6 Rf8+ 44. Ke7 Rf2 45. d7 Rg7+ 46. Ke8 1-0

[Event "Goiania Goias Cup"]
[Site "Goiania"]
[Date "2016.10.15"]
[Round "3"]
[White "Bocca, Edson Ricardo"]
[Black "Valente, Fernando Cesar"]
[Result "1-0"]
[WhiteElo "1635"]
[BlackElo "1472"]
[PlyCount "91"]
[EventDate "2016.10.14"]
[EventType "swiss"]
[EventRounds "6"]
[EventCountry "BRA"]
[SourceTitle "CBM 175 Extra"]
[Source "ChessBase"]
[SourceDate "2016.12.12"]
[SourceVersion "1"]
[SourceVersionDate "2016.12.12"]
[SourceQuality "1"]

1. e4 d6 2. Nf3 Nf6 3. Nc3 e5 4. h3 Be7 5. Bc4 0-0 6. d3 c6 7. Bd2 b5 8. Bb3 a5 9. a4 b4 10. Ne2 Be6 11. Bxe6 fxe6 12. 0-0 h6 13. b3 Qc7 14. Ng3 Nbd7 15. Nh2 Rad8 16. Ng4 d5 17. Qe2 Nxg4 18. Qxg4 Rf6 19. Nh5 Bf8 20. Nxf6+ Nxf6 21. Qxe6+ Kh8 22. exd5 Rd6 23. Qf5 Rxd5 24. Qg6 Qd6 25. Be3 Qe6 26. Rae1 Qd6 27. Qg3 Qd7 28. f4 e4 29. d4 Bd6 30. Qf2 Kh7 31. g4 Ng8 32. Qg2 Nf6 33. Kh1 c5 34. dxc5 Bxc5 35. Bxc5 Rxc5 36. g5 Ng8 37. Qxe4+ Kh8 38. Rf3 Qd2 39. Re2 Qc1+ 40. Kg2 Qd1 41. h4 Qd7 42. Rd3 Qg4+ 43. Rg3 Qxh4 44. gxh6 Nf6 45. hxg7+ Kg8 46. Qe6+ 1-0

[Event "Goiania-ch Etapa 03"]
[Site "Goiania"]
[Date "2016.08.27"]
[Round "4.6"]
[White "Valente, Fernando Cesar"]
[Black "Campos, Westerley Batista"]
[Result "0-1"]
[WhiteElo "1492"]
[BlackElo "1747"]
[PlyCount "144"]
[EventDate "2016.08.26"]
[EventType "swiss"]
[EventRounds "6"]
[EventCountry "BRA"]
[SourceTitle "EXT 2022"]
[Source "ChessBase"]
[SourceDate "2021.10.06"]
[SourceVersion "1"]
[SourceVersionDate "2021.10.06"]
[SourceQuality "1"]

1. e4 e6 2. Nf3 d5 3. Nc3 Nf6 4. e5 Nfd7 5. d4 a6 6. Bd3 c5 7. dxc5 Nc6 8. Bf4 Qa5 9. 0-0 Bxc5 10. a3 Qc7 11. Qe2 Nd4 12. Nxd4 Bxd4 13. Rfe1 Bxc3 14. bxc3 Qxc3 15. Qg4 Kf8 16. Qg5 Qc7 17. Bd2 b6 18. Bf4 Bb7 19. Re3 h6 20. Qh5 Nc5 21. Be2 d4 22. Rh3 Be4 23. Bf3 Bg6 24. Qh4 Rc8 25. Rd1 d3 26. cxd3 Nxd3 27. g3 Nxf4 28. Qxf4 Kg8 29. Rd6 Qc1+ 30. Qxc1 Rxc1+ 31. Kg2 Rb1 32. Rh4 Kh7 33. Rb4 Rxb4 34. axb4 Rb8 35. Be2 a5 36. bxa5 bxa5 37. Ra6 Rb2 38. Bf3 Rb5 39. Be2 Rxe5 40. Bf3 Bc2 41. Ra7 Kg6 42. h4 a4 43. h5+ Kf6 44. Bc6 Rxh5 45. Bxa4 Bxa4 46. Rxa4 Rd5 47. Kf3 g5 48. g4 Rd3+ 49. Ke2 Rb3 50. f3 Kg6 51. Ra7 Rb4 52. Ra8 Rf4 53. Rg8+ Kh7 54. Ra8 h5 55. gxh5 Rh4 56. Ra7 Kg7 57. Rc7 Rxh5 58. Ke3 Rh4 59. Rc5 Kg6 60. Rc6 Rh3 61. Rc4 Kf5 62. Kf2 Rh4 63. Rc5+ e5 64. Rc7 f6 65. Rc5 g4 66. fxg4+ Rxg4 67. Kf3 Ra4 68. Ke2 Ra3 69. Rb5 Kf4 70. Rb4+ e4 71. Rb2 Rh3 72. Rb1 Rh2+ 0-1